<?xml version="1.0" encoding="UTF-8"?>
<record
    xmlns:xsi="http://www.w3.org/2001/XMLSchema-instance"
    xsi:schemaLocation="http://www.loc.gov/MARC21/slim http://www.loc.gov/standards/marcxml/schema/MARC21slim.xsd"
    xmlns="http://www.loc.gov/MARC21/slim">

  <leader>00666cam a2200205   4500</leader>
  <controlfield tag="001">137</controlfield>
  <controlfield tag="005">20181127160537.0</controlfield>
  <controlfield tag="008">070627s2006    bt a     b   f001 0 eng</controlfield>
  <datafield tag="010" ind1=" " ind2=" ">
    <subfield code="a">  2007388230</subfield>
  </datafield>
  <datafield tag="020" ind1=" " ind2=" ">
    <subfield code="a">9993665827</subfield>
  </datafield>
  <datafield tag="043" ind1=" " ind2=" ">
    <subfield code="a">a-bt---</subfield>
  </datafield>
  <datafield tag="100" ind1="0" ind2=" ">
    <subfield code="a">Lungten Dubgyur.</subfield>
  </datafield>
  <datafield tag="245" ind1="1" ind2="0">
    <subfield code="a">Criminal justice in Bhutan :</subfield>
    <subfield code="b">a handbook on criminal procedure /</subfield>
    <subfield code="c">Lungten Dubgyur.</subfield>
  </datafield>
  <datafield tag="250" ind1=" " ind2=" ">
    <subfield code="a">1st ed.</subfield>
  </datafield>
  <datafield tag="260" ind1=" " ind2=" ">
    <subfield code="a">Thimphu :</subfield>
    <subfield code="b">Royal Court of Justice,</subfield>
    <subfield code="c">c2006.</subfield>
  </datafield>
  <datafield tag="300" ind1=" " ind2=" ">
    <subfield code="a">xv, 156 p. :</subfield>
    <subfield code="b">ill. (chiefly col.) ;</subfield>
    <subfield code="c">23 cm.</subfield>
  </datafield>
  <datafield tag="504" ind1=" " ind2=" ">
    <subfield code="a">Includes bibliographical references (p. 146) and index.</subfield>
  </datafield>
  <datafield tag="650" ind1=" " ind2="0">
    <subfield code="a">Criminal procedure</subfield>
    <subfield code="z">Bhutan.</subfield>
  </datafield>
  <datafield tag="710" ind1="1" ind2=" ">
    <subfield code="a">Bhutan.</subfield>
    <subfield code="b">Royal Court of Justice</subfield>
  </datafield>
  <datafield tag="999" ind1=" " ind2=" ">
    <subfield code="c">122</subfield>
    <subfield code="d">122</subfield>
  </datafield>
  <datafield tag="952" ind1=" " ind2=" ">
    <subfield code="0">0</subfield>
    <subfield code="1">0</subfield>
    <subfield code="2">ddc</subfield>
    <subfield code="4">0</subfield>
    <subfield code="7">0</subfield>
    <subfield code="8">REFERENCE</subfield>
    <subfield code="a">RTCLIB</subfield>
    <subfield code="b">RTCLIB</subfield>
    <subfield code="c">REFERENCE</subfield>
    <subfield code="h"> </subfield>
    <subfield code="i">352</subfield>
    <subfield code="l">0</subfield>
    <subfield code="o">364.095  DUB</subfield>
    <subfield code="p">30002730</subfield>
    <subfield code="r">2018-11-27 00:00:00</subfield>
    <subfield code="t">2</subfield>
    <subfield code="w">2018-11-27</subfield>
    <subfield code="y">REFERENCE</subfield>
  </datafield>
  <datafield tag="952" ind1=" " ind2=" ">
    <subfield code="0">0</subfield>
    <subfield code="1">0</subfield>
    <subfield code="2">ddc</subfield>
    <subfield code="4">0</subfield>
    <subfield code="7">0</subfield>
    <subfield code="8">MAIN</subfield>
    <subfield code="a">RTCLIB</subfield>
    <subfield code="b">RTCLIB</subfield>
    <subfield code="c">MAIN</subfield>
    <subfield code="d">2023-08-31</subfield>
    <subfield code="h"> </subfield>
    <subfield code="i">2550</subfield>
    <subfield code="l">1</subfield>
    <subfield code="o">364.095 DUB</subfield>
    <subfield code="p">30002764</subfield>
    <subfield code="r">2023-09-11 00:00:00</subfield>
    <subfield code="s">2023-08-31</subfield>
    <subfield code="t">3</subfield>
    <subfield code="w">2018-11-27</subfield>
    <subfield code="y">MAIN</subfield>
  </datafield>
  <datafield tag="952" ind1=" " ind2=" ">
    <subfield code="0">0</subfield>
    <subfield code="1">0</subfield>
    <subfield code="2">ddc</subfield>
    <subfield code="4">0</subfield>
    <subfield code="7">0</subfield>
    <subfield code="8">RCSC</subfield>
    <subfield code="a">RTCLIB</subfield>
    <subfield code="b">RTCLIB</subfield>
    <subfield code="c">RCSC </subfield>
    <subfield code="d">2021-07-09</subfield>
    <subfield code="h"> </subfield>
    <subfield code="i">318</subfield>
    <subfield code="o">364.095 DUB</subfield>
    <subfield code="p">30002729</subfield>
    <subfield code="r">2018-11-27 00:00:00</subfield>
    <subfield code="t">1</subfield>
    <subfield code="w">2018-11-27</subfield>
    <subfield code="y">RCSC BOOKS</subfield>
  </datafield>
  <datafield tag="952" ind1=" " ind2=" ">
    <subfield code="0">0</subfield>
    <subfield code="1">0</subfield>
    <subfield code="2">ddc</subfield>
    <subfield code="4">0</subfield>
    <subfield code="7">0</subfield>
    <subfield code="8">MAIN</subfield>
    <subfield code="a">RTCLIB</subfield>
    <subfield code="b">RTCLIB</subfield>
    <subfield code="c">MAIN</subfield>
    <subfield code="d">2021-06-04</subfield>
    <subfield code="h"> </subfield>
    <subfield code="i">4819</subfield>
    <subfield code="l">1</subfield>
    <subfield code="o">364.095 DUB</subfield>
    <subfield code="p">30006172</subfield>
    <subfield code="r">2021-06-15 00:00:00</subfield>
    <subfield code="s">2021-06-04</subfield>
    <subfield code="t">4</subfield>
    <subfield code="w">2018-11-27</subfield>
    <subfield code="y">MAIN</subfield>
  </datafield>
</record>
